Developing Critical Reading Skills (Record no. 6178)

MARC details
000 -LEADER
fixed length control field 00800nam a2200181 4500
020 ## - INTERNATIONAL STANDARD BOOK NUMBER
ISBN 0072982926
022 ## - INTERNATIONAL STANDARD SERIAL NUMBER
ISSN 9780072982923
050 ## - CALL NUMBER
Classification number LB2395.3
Item number .M55
100 ## - AUTHOR
Personal name Spears Deanne
245 ## - TITLE
Title Developing Critical Reading Skills
250 ## - EDITION
Edition statement 7TH Ed.
260 ## - PUBLICATION INFORMATION
Place of publication Boston
Name of publisher McGraw-Hill Companies Inc
Year of publication 2006
300 ## - DESCRIPTION
Number of Pages xxiii. 537 p:
Dimensions 23 cm
500 ## - NOTES
General note Includes Index
505 ## - FORMATTED CONTENTS NOTE
Table of Content Part 1. Reading for Understanding: Practice in Basic Comprehension Skills<br/>Part 2. Discovering Meanings: The Importance of Form<br/>Part 3. Discovering Meanings: The Importance of Language<br/>Part 4. Reading Critically <br/>Part 5. Reading Essays and Articles<br/>Part 6. Reading and Studying Textbook Material<br/>Part 7. Reading Short Stories<br/> Index
650 ## - SUBJECTS
Topical Term Reading Skills
General subdivision Critical Reading Skills
942 ## - ADDED ENTRY ELEMENTS (KOHA)
Koha item type Books
Holdings
Withdrawn status Lost status Collection code Home library Current library Shelving location Date acquired Full call number Accession Number Koha item type
    Reference Methodist University Library Main Methodist University Library Main General Stacks 11/02/2013 LB2395.3 .M55 36914 Books
Copyright © 2026  MUG Library